| 000 | 00466nam a22001937a 4500 | ||
|---|---|---|---|
| 003 | MPLRDC | ||
| 005 | 20220104143850.0 | ||
| 008 | 210129b ||||| |||| 00| 0 eng d | ||
| 020 | _a957-480-298-1 | ||
| 082 | _a177.2 YQ | ||
| 100 | _a余青 | ||
| 245 |
_a成功用风吹都吹不走 _c |
||
| 250 | _a初版 | ||
| 260 |
_a _b飞阅文化 _c2000 |
||
| 300 | _b精 | ||
| 490 | _a书适生活. 6 | ||
| 650 | _a应用心理学--成功法 | ||
| 942 |
_cBK _o177.2 YQ |
||
| 999 |
_c44108 _d44098 |
||